Statistiques concernant Culture Générale - Série 1241

Cliquez ici pour prendre le quiz!

Statistiques générales

  • Ce quiz a été pris 52 fois
  • Le résultat moyen est 7 sur 10

Statistiques - réponses

QuestionRéponse% Correct
Quel fruit riche en vitamine C, à la pulpe juteuse et acidulée, peut être "blonde", “Navel” ou “sanguine” ?orange
100%
Quel agent secret de fiction a pour matricule "007" ?James Bond
100%
Dans le domaine de la médecine, que signifie le V du sigle I.V.G. ?Volontaire
92%
Dans la Bible, dans quel lieu "à l'orient" se situait le Paradis terrestre, jardin où vivaient Adam et Ève avant d'en être chassés ?eden
90%
Quel célèbre drapeau officiel présente cinq anneaux, bleu, noir, rouge, jaune et vert, entrelacés sur un fond blanc ?drapeau olympique
80%
À la plage, quelle pièce de tissu d'inspiration tahitienne peut-on nouer par-dessus son maillot de bain ?paréo
78%
Dans le corps humain, qu'est-ce que l'astragale ?os
62%
Quelle croix, symbole de la Résistance française et de la Libération, était représentée sur le drapeau de la France libre ?croix de Lorraine
62%
De quel groupe Phil Collins a-t-il été le quatrième batteur ?Genesis
58%
Quelle compagnie de ballet est créée par Diaghilev en 1909, à Saint-Pétersbourg ?Les Ballets russes
12%

Distribution des résultats

Percentile par nombre de réponses

% des personnes avec chaque résultat

Votre développement - résultats

Vous n’avez pas pris ce quiz